=LDR 00000nam 2200000 4500 =001 INLIS000000000040847 =005 20130612150414 =008 ***********************************ind** =035 ##$$0010-061300000040847 =041 ##$$a ind =082 ##$$a 346.04 =090 ##$$a 346.04, Gau, t =100 ##$$a Gautama, Sudargo =245 ##$$a Tafsiran undan-undang pokok agraria =260 ##$$a Alumni; 1981 $b Bandung =300 ##$$a xvi, 425 hlm., 21 cm =650 ##$$a Hukum Agraria =850 ##$$a NBPNMAT